00439nam a2200121Ia 4500082002400000245005600024260005700080300001600137650004800153650004700201650004500248700002400293 aRR 491.2391431 CON; 0aConcise Sanskrit dictionary: Sanskrit-Hindi-English aNew DelhibMeharchand Lachhmandas Publicationsc1990 axxiv, 255p. aSanskrit language - Dictionaries - Polyglot aEnglish language - Dictionaries - Polyglot aHindi language - Dictionaries - Polyglot aTripathi, Ram Sagar